| 000 | 00802nam a22001937a 4500 | ||
|---|---|---|---|
| 005 | 20260424203308.0 | ||
| 008 | 260424b ||||fr|||| 00| 0 eng d | ||
| 020 | _a978-958-753-017-9 | ||
| 040 |
_aCENDOC CAAAP _bspa _cCAAAP |
||
| 041 | _aspa | ||
| 050 |
_aF 2270 _b.D63 |
||
| 245 | 1 |
_aDocumentos para la historia del movimiento indígena colombiano contemporáneo / _cEnrique Sánchez Gutiérrez y Hernán Molina Echeverri [compiladores] |
|
| 250 | _a1ra edición | ||
| 260 | 1 |
_aBogotá, Colombia : _bMinisterio de Cultura, _c2010. |
|
| 300 |
_a412 páginas : _bfotografias, _c21 x 14 cm |
||
| 490 | _aBiblioteca Básica de los Pueblos Indígenas de Colombia | ||
| 650 | 0 |
_95183 _aIndígenas amazónicos _vMovimientos indígenas _xDerechos de los pueblos indígenas _zColombia |
|
| 942 |
_2lcc _bDD - MM - AA |
||
| 999 |
_c4543 _d4543 |
||